PHARMACOLOGY (Record no. 8213)

MARC details
000 -LEADER
fixed length control field 00468nam a22001817a 4500
005 - DATE AND TIME OF LATEST TRANSACTION
control field 20230128131933.0
008 - FIXED-LENGTH DATA ELEMENTS--GENERAL INFORMATION
fixed length control field 230125b |||||||| |||| 00| 0 eng d
020 ## - INTERNATIONAL STANDARD BOOK NUMBER
ISBN 939348014-1
041 ## - LANGUAGE CODE
Language code of text/sound track or separate title eng
082 ## - DEWEY DECIMAL CLASSIFICATION NUMBER
Classification number 615.3 JAD-P
100 ## - MAIN ENTRY--AUTHOR NAME
Personal name JADHAV, VISHAL B. PATIL ,CHANDRASHEKHAR D AND OTHERS
245 ## - TITLE STATEMENT
Title PHARMACOLOGY
250 ## - EDITION STATEMENT
Edition statement 1st ed.
260 ## - PUBLICATION, DISTRIBUTION, ETC. (IMPRINT)
Name of publisher BIRLA PUBLICATION
Year of publication 2023-2024
300 ## - PHYSICAL DESCRIPTION
Number of Pages 384;P.
650 ## - SUBJECT ADDED ENTRY--TOPICAL TERM
Topical Term PHARMACY
General subdivision D.PHARMA
942 ## - ADDED ENTRY ELEMENTS (KOHA)
Koha item type Books
Holdings
Lost status Damaged status Collection code Home library Current library Shelving location Date acquired Source of acquisition Cost, normal purchase price Full call number Accession Number Koha item type
    PHARMACY JRU Library JRU Library Shelf - 21- C 20/01/2023 LOHIA BOOK INTERNATIONAL 280.00 615.3 JAD-P 27367 Books
    PHARMACY JRU Library JRU Library Shelf - 21- C 20/01/2023 LOHIA BOOK INTERNATIONAL 280.00 615.3 JAD-P 27368 Books
    PHARMACY JRU Library JRU Library Shelf - 21- C 20/01/2023 LOHIA BOOK INTERNATIONAL 280.00 615.3 JAD-P 27369 Books
    PHARMACY JRU Library JRU Library Shelf - 21- C 20/01/2023 LOHIA BOOK INTERNATIONAL 280.00 615.3 JAD-P 27370 Books
    PHARMACY JRU Library JRU Library Shelf - 21- C 20/01/2023 LOHIA BOOK INTERNATIONAL 280.00 615.3 JAD-P 27371 Books